William Tell & Other Favorite Overtures (Record n. 102349)

Dettagli MARC
000 -LEADER
fixed length control field 01719njm a2200373Ia 4500
001 - CONTROL NUMBER
control field 99509
003 - CONTROL NUMBER IDENTIFIER
control field IT-RoPAU
005 - DATE AND TIME OF LATEST TRANSACTION
control field 20220918181153.0
008 - FIXED-LENGTH DATA ELEMENTS--GENERAL INFORMATION
fixed length control field 131025s9999 xx 000 0 und d
040 ## - CATALOGING SOURCE
Original cataloging agency IT-RoPAU
040 ## - CATALOGING SOURCE
Transcribing agency IT-RoPAU
999 ## - SYSTEM CONTROL NUMBERS (KOHA)
Koha Dewey Subclass [OBSOLETE] n.d.
100 ## - MAIN ENTRY--PERSONAL NAME
Personal name AA.VV.
9 (RLIN) 794
100 ## - MAIN ENTRY--PERSONAL NAME
Relator term Autore musica
9 (RLIN) 27741
100 ## - MAIN ENTRY--PERSONAL NAME
Miscellaneous information Codice autore musica SPICS: 12000
9 (RLIN) 796
245 ## - TITLE STATEMENT
Title William Tell & Other Favorite Overtures
250 ## - EDITION STATEMENT
Edition statement 1a ed.
260 ## - PUBLICATION, DISTRIBUTION, ETC. (IMPRINT)
Place of publication, distribution, etc. AUSTRIA
260 ## - PUBLICATION, DISTRIBUTION, ETC. (IMPRINT)
Name of publisher, distributor, etc. TELARC
Date of publication, distribution, etc. 1986 [1a Ed.:1986]
300 ## - PHYSICAL DESCRIPTION
Extent COMPACT DISC
300 ## - PHYSICAL DESCRIPTION
Dimensions 63 minuti (Testo: 0 pag.)
500 ## - GENERAL NOTE
General note Musica classica. Arrangiamento di celebri sinfonie
505 ## - FORMATTED CONTENTS NOTE
Formatted contents note Light Cavalry (7:00) - Fra Diavolo (8:00) - Zampa (9:00) - Poet and Peasant (11:00) - Donna Diana (7:00) - Orpheus In the Underworld (7:00) - William Tell (13:00)
511 ## - PARTICIPANT OR PERFORMER NOTE
Participant or performer note Cincinnati Pops Orchestra
650 ## - SUBJECT ADDED ENTRY--TOPICAL TERM
Topical term or geographic name as entry element SINFONIE [COMPACT DISC]
Relator term Codice MATERIA SPICS: 9949
9 (RLIN) 27742
700 ## - ADDED ENTRY--PERSONAL NAME
Personal name Kunzel Erich
Miscellaneous information Codice interprete SPICS: 34123
Relator term Interprete
9 (RLIN) 27743
700 ## - ADDED ENTRY--PERSONAL NAME
Personal name Suppé Franz Von
Miscellaneous information Codice autore musica SPICS: 8215
Relator term Autore musica
Name of part/section of a work Light Cavalry - Poet and Peasant
9 (RLIN) 27744
700 ## - ADDED ENTRY--PERSONAL NAME
Personal name Auber Daniel Francois Esprit
Miscellaneous information Codice autore musica SPICS: 7860
Relator term Autore musica
Name of part/section of a work Fra Diavolo
9 (RLIN) 27745
700 ## - ADDED ENTRY--PERSONAL NAME
Personal name Herold Louis
Miscellaneous information Codice autore musica SPICS: 13809
Relator term Autore musica
Name of part/section of a work Zampa
9 (RLIN) 27746
700 ## - ADDED ENTRY--PERSONAL NAME
Personal name Reznicek Emil Nikolaus Von
Miscellaneous information Codice autore musica SPICS: 13780
Relator term Autore musica
Name of part/section of a work Donna Diana
9 (RLIN) 27747
700 ## - ADDED ENTRY--PERSONAL NAME
Personal name Offenbach Jacques
Miscellaneous information Codice autore musica SPICS: 11045
Relator term Autore musica
Name of part/section of a work Orpheus In the Underworld
9 (RLIN) 27748
700 ## - ADDED ENTRY--PERSONAL NAME
Personal name Rossini Gioachino
Miscellaneous information Codice autore musica SPICS: 11125
Relator term Autore musica
Name of part/section of a work William Tell
9 (RLIN) 27749
942 ## - ADDED ENTRY ELEMENTS (KOHA)
Koha item type CD AUDIO
Source of classification or shelving scheme Dewey Decimal Classification
Dati di copia
Withdrawn status Lost status Damaged status Not for loan Home library Current library Date acquired Total Checkouts Full call number Date last seen Price effective from Koha item type Public note
    Buone Condizioni Not For Loan SPICS-MEDIATECA SPICS-MEDIATECA 25/10/2013   99509 25/10/2013 25/10/2013 CD AUDIO Progr. Ins.: 22336 / N.Vol.: 1 / Copie: 1 - Copia rara: n.d. / date import: 01.01.2014 - By Epidotti, Trombetti, Vaglietti
CREDITS: SOCIETA' SAN PAOLO Via A.Severo, 58 - ROMA (RM) & PERIODICI SAN PAOLO SRL Via Giotto, 36 MILANO & CISF Via Giotto, 36 MILANO & EDIZIONI SAN PAOLO SRL,  Piazza Soncino, 5 CINISELLO BALSAMO (MI) -- ITALY